Priame zahraničné investície a investičné stimuly

Gespeichert in:
Bibliographische Detailangaben
1. Verfasser: Vidová, Jarmila, 1967-
Format: Buchkapitel
Sprache:Slowakisch
Schlagworte:
Tags: Tag hinzufügen
Keine Tags, Fügen Sie das erste Tag hinzu!

MARC

LEADER 00000naa$a2200000$$$4500
001 0050710
005 20240502071602.1
041 0 |a slo 
044 |a SK 
245 1 0 |a Priame zahraničné investície a investičné stimuly  |c Jarmila Vidová 
610 2 0 |a politika hospodárska 
610 2 0 |a zamestnanosť 
610 2 0 |a stimuly 
610 2 0 |a trh kapitálový medzinárodný 
610 2 0 |a investície priame zahraničné 
610 2 0 |a stimuly ekonomické 
100 1 |a Vidová, Jarmila, 1967-